=LDR 00000nam 2200000 4500 =001 INLIS000000000020022 =005 20130612115023 =008 ***********************************Ind** =035 ##$$0010-061300000020022 =041 ##$$a Ind =082 ##$$a 636.51 =090 ##$$a 636.51, Tan a =100 ##$$a Tanjung, Iwan =245 ##$$a Ayam bangkok, jagoan arena adu ayam, Iwan Tanjung =260 ##$$a 2002 $b Jakarta =300 ##$$a viii, 64 hlm, ilus, 23 cm =650 ##$$a Ayam Bangkok =850 ##$$a NBPNMAT